<?xml version="1.0" encoding="UTF-8"?><?xml-stylesheet type="text/xsl" href="static/style.xsl"?><OAI-PMH xmlns="http://www.openarchives.org/OAI/2.0/" xmlns:xsi="http://www.w3.org/2001/XMLSchema-instance" xsi:schemaLocation="http://www.openarchives.org/OAI/2.0/ http://www.openarchives.org/OAI/2.0/OAI-PMH.xsd"><responseDate>2026-04-27T14:36:57Z</responseDate><request verb="GetRecord" identifier="oai:riubu.ubu.es:10259/4152" metadataPrefix="marc">https://riubu.ubu.es/oai/request</request><GetRecord><record><header><identifier>oai:riubu.ubu.es:10259/4152</identifier><datestamp>2021-11-10T09:38:21Z</datestamp><setSpec>com_10259.4_2564</setSpec><setSpec>com_10259_5086</setSpec><setSpec>com_10259_2604</setSpec><setSpec>col_10259.4_2565</setSpec></header><metadata><record xmlns="http://www.loc.gov/MARC21/slim" xmlns:doc="http://www.lyncode.com/xoai" xmlns:xsi="http://www.w3.org/2001/XMLSchema-instance" xmlns:dcterms="http://purl.org/dc/terms/" xsi:schemaLocation="http://www.loc.gov/MARC21/slim http://www.loc.gov/standards/marcxml/schema/MARC21slim.xsd">
<leader>00925njm 22002777a 4500</leader>
<datafield tag="042" ind1=" " ind2=" ">
<subfield code="a">dc</subfield>
</datafield>
<datafield tag="720" ind1=" " ind2=" ">
<subfield code="a">El-Hani, Charbel Niño</subfield>
<subfield code="e">author</subfield>
</datafield>
<datafield tag="720" ind1=" " ind2=" ">
<subfield code="a">Greca Dufranc, Ileana María</subfield>
<subfield code="e">author</subfield>
</datafield>
<datafield tag="260" ind1=" " ind2=" ">
<subfield code="c">2011</subfield>
</datafield>
<datafield tag="520" ind1=" " ind2=" ">
<subfield code="a">Este trabalho apresenta resultados relativos à participação numa comunidade virtual de prática&#xd;
(ComPratica) desenhada como ferramenta para diminuir a lacuna pesquisa-prática na educação em&#xd;
biologia. A ComPratica reúne professores do Ensino Médio, licenciandos, pesquisadores e estudantes&#xd;
(graduação e pós-graduação), e inclui fóruns e chats sobre assuntos relacionados ao ensino de biologia.&#xd;
Uma atividade central na comunidade é a construção de pesquisa colaborativa, situada nas condições&#xd;
reais das salas de aula, envolvendo professores e pesquisadores em equipes não hierarquizadas. O&#xd;
sucesso inicial da comunidade é indicado pelo alto nível de participação, envolvendo 25% dos membros;&#xd;
pela diversidade de atividades e temas em seu interior; e pelo desenvolvimento de 8 projetos de&#xd;
pesquisa focados, sobretudo, em questões levantadas pelos professores. Neste artigo, apresentamos a&#xd;
ComPratica, discutimos dados relativos à participação dos membros, às visões dos professores sobre a&#xd;
comunidade, e relatamos achados de uma análise temática das mensagens enviadas em seus fóruns</subfield>
</datafield>
<datafield tag="520" ind1=" " ind2=" ">
<subfield code="a">This paper reports results related to the participation in a virtual community of practice (Com-&#xd;
Pratica) designed as a tool for bridging the research-practice gap. ComPratica gathers in-service high&#xd;
school teachers, preservice teachers, researchers, and graduate and undergraduate students, and include&#xd;
forums and chats about matters related to biological education. A central activity in the community is the&#xd;
construction of collaborative research, situated in real classroom conditions, involving teachers and researchers&#xd;
in non hierarchical teams. The initial success of the community is indicated by the high degree&#xd;
of participation, involving 25% of the members; the diversity of activities and themes within it; and the&#xd;
development of 8 research projects mostly focused on issues raised by the teachers. In this paper, we&#xd;
describe ComPratica and discuss data concerning the members’ participation, the teachers’ views about&#xd;
the community, and report findings of a thematic analysis of the messages sent in its forums.</subfield>
</datafield>
<datafield tag="024" ind2=" " ind1="8">
<subfield code="a">1516-7313</subfield>
</datafield>
<datafield tag="024" ind2=" " ind1="8">
<subfield code="a">http://hdl.handle.net/10259/4152</subfield>
</datafield>
<datafield tag="024" ind2=" " ind1="8">
<subfield code="a">10.1590/S1516-73132011000300005</subfield>
</datafield>
<datafield ind1=" " ind2=" " tag="653">
<subfield code="a">Comunidade de prática</subfield>
</datafield>
<datafield ind1=" " ind2=" " tag="653">
<subfield code="a">Desenvolvimento profissional</subfield>
</datafield>
<datafield ind1=" " ind2=" " tag="653">
<subfield code="a">Lacuna pesquisa-prática</subfield>
</datafield>
<datafield ind1=" " ind2=" " tag="653">
<subfield code="a">Formação de professores</subfield>
</datafield>
<datafield ind1=" " ind2=" " tag="653">
<subfield code="a">Community of practice</subfield>
</datafield>
<datafield ind1=" " ind2=" " tag="653">
<subfield code="a">Professional development</subfield>
</datafield>
<datafield ind1=" " ind2=" " tag="653">
<subfield code="a">Research-practice gap</subfield>
</datafield>
<datafield ind1=" " ind2=" " tag="653">
<subfield code="a">Teacher education</subfield>
</datafield>
<datafield tag="245" ind1="0" ind2="0">
<subfield code="a">Participação em uma comunidade virtual de prática desenhada como meio de diminuir a lacuna pesquisa-prática na educação em biologia</subfield>
</datafield>
</record></metadata></record></GetRecord></OAI-PMH>